| 000 | 00670nam a2200193Ia 4500 | ||
|---|---|---|---|
| 008 | 140626s9999 xx 000 0 und d | ||
| 100 | _aHunt, Caralise W. | ||
| 245 |
_aRelationships among self-efficacy, social support, social problem solving, and self-management in a rural sample living with type 2 diabetes mellitus / _cCaralise W. Hunt. |
||
| 260 | _cc2012. | ||
| 300 | _a26 : 2, page 126 | ||
| 440 | _aResearch and Theory for Nursing Practice | ||
| 521 | _aNUR | ||
| 650 | _aDiabetes self-management. | ||
| 650 | _aSelf-efficacy. | ||
| 650 | _aSocial problem solving. | ||
| 650 | _aSocial support. | ||
| 650 | _aType 2 diabetes mellitus. | ||
| 942 | _cSE | ||
| 999 |
_c121382 _d121382 |
||